Fruits Starting With C Quiz Stats

Quiz not verified by Sporcle

Challenge
Share
Tweet
Embed
Score 0/9 Timer 03:00
0 Plays Today
hint fruit % Correct
small red fruit commonly associated with Thanksgivingcranberry
89.2%
small red fruitcherry
75.7%
commonly associated with Hawaiicoconut
51.4%
orange-like fruitclementine
43.2%
long, green fruit, sometimes soaked in vinegar to make picklescucumber
35.1%
south american fruit A.K.A. Custard Applecherimoya
13.5%
A.K.A. starfruit, very juicy, smooth texture, yellowcarambola
8.1%
small citrus fruit, somewhat of a cross between a mandarin orange and a kumquat, native to SE Asiacalamondin
5.4%
amber colored fruit, similar to raspberriescloudberry
5.4%

You're not logged in!

Compare scores with friends on all Sporcle quizzes.
Join for Free
OR
Log In

You Might Also Like...

Show Comments

Extras

Created Dec 24, 2010ReportNominate
Tags:fruit, starting

Top Quizzes Today


Score Distribution

Your Account Isn't Verified!

In order to create a playlist on Sporcle, you need to verify the email address you used during registration. Go to your Sporcle Settings to finish the process.

Report this User

Report this user for behavior that violates our Community Guidelines.

Details: